| 000 | 00681nam a2200181Ia 4500 | ||
|---|---|---|---|
| 008 | 090630s9999 xx 000 0 und d | ||
| 082 | _b25333 | ||
| 100 | _aबोरुडे संजय. | ||
| 245 |
_aसिस्टिमॅटिक रिव्हेंज. _cबोरुडे संजय. |
||
| 260 |
_bप्राजक्त - पुणे. _c2006 |
||
| 300 | _a128 | ||
| 600 | _aबोरुडे संजय. | ||
| 630 | _aसिस्टिमॅटिक रिव्हेंज. | ||
| 655 | _aलघुकथा. | ||
| 700 | _aबोरुडे संजय. | ||
| 730 | _aसिस्टिमॅटिक रिव्हेंज. | ||
| 942 | _cBOOK | ||
| 999 |
_c277189 _d277189 |
||